书目信息 |
| 题名: |
建筑竞赛
|
|
| 作者: | 胡斯巴赫 , 雷姆豪斯 编著 ;王晨晖 译 | |
| 分册: | 1 | |
| 出版信息: | 沈阳 辽宁科学技术出版社 2009 |
|
| 页数: | 2册(557页) | |
| 开本: | 29cm | |
| 丛书名: | ||
| 单 册: | ||
| 中图分类: | TU206 | |
| 科图分类: | ||
| 主题词: | 建筑设计--竞赛--世界--现代--图集 | |
| 电子资源: | ||
| ISBN: | 978-7-5381-5923-3 | |
| 000 | 01058nam0 2200253 450 | |
| 001 | 1252800731 | |
| 005 | 20120218144213.92 | |
| 010 | @a978-7-5381-5923-3@b精装@dCNY498.00 | |
| 100 | @a20090615d2009 em y0chiy0110 ea | |
| 101 | 1 | @achi@aeng@cger |
| 102 | @aCN@b210000 | |
| 105 | @aa z 001yy | |
| 200 | 1 | @a建筑竞赛@9jian zhu jing sai@dThe architecture of competitions@e2006-2008@h1@f(德)本杰明·胡斯巴赫(Benjamin Hossbach),(德)克里斯蒂安·雷姆豪斯(Christian Lehmhaus)[编著]@g王晨晖译@zeng |
| 210 | @a沈阳@c辽宁科学技术出版社@d2009 | |
| 215 | @a2册(557页)@d29cm | |
| 330 | @a本书内容包括:观点陈述、国际竞赛、竞赛程序的选择、阿布扎比生态湾、麦加Khandama开发项目、霍尔森可持续建筑大奖2006等。 | |
| 510 | 1 | @aArchitecture of competitions@zeng |
| 606 | 0 | @a建筑设计@x竞赛@y世界@z现代@j图集 |
| 690 | @aTU206@v4 | |
| 701 | 0 | @c(德)@a胡斯巴赫@9hu si ba he@c(Hossbach, Benjamin)@4编著 |
| 701 | 0 | @c(德)@a雷姆豪斯@9lei mu hao si@c(Lehmhaus, Christian)@4编著 |
| 702 | 0 | @a王晨晖@9wang chen hui@4译 |
| 801 | 0 | @aCN@bSG08@c20090619 |
| 905 | @aZUCC@dTU206@eH5002 | |
| 建筑竞赛=The architecture of competitions:2006-2008.1/(德)本杰明·胡斯巴赫(Benjamin Hossbach),(德)克里斯蒂安·雷姆豪斯(Christian Lehmhaus)[编著]/王晨晖译.-沈阳:辽宁科学技术出版社,2009 |
| 2册(557页);29cm |
| ISBN 978-7-5381-5923-3(精装):CNY498.00 |
| 本书内容包括:观点陈述、国际竞赛、竞赛程序的选择、阿布扎比生态湾、麦加Khandama开发项目、霍尔森可持续建筑大奖2006等。 |
| ● |
| 相关链接 |
|
|
|
正题名:建筑竞赛
索取号:TU206/H5002
 
预约/预借
| 序号 | 登录号 | 条形码 | 馆藏地/架位号 | 状态 | 备注 |
| 1 | 483739 | 204837392 | 建筑库101/101建筑库 41排2列4层/ [索取号:TU206/H5002] | 在馆 | |
| 2 | 483740 | 204837409 | 建筑库101/101建筑库 41排2列4层/ [索取号:TU206/H5002] | 在馆 |